Central Library OPAC University of Rajshahi

The world of philosophy : (Record no. 28486)

MARC details
000 -LEADER
fixed length control field 00887cam a22002651 4500
001 - CONTROL NUMBER
control field 28486
003 - CONTROL NUMBER IDENTIFIER
rucl marc code BD-RjUL
005 - DATE AND TIME OF LATEST TRANSACTION
control field 20211209051305.0
008 - FIXED-LENGTH DATA ELEMENTS--GENERAL INFORMATION
fixed length control field 14 t1965 pk c b 011 0 eng d
035 ## - SYSTEM CONTROL NUMBER
System control number (BD-RjUL)28567
System control number (OCoLC)8632339
040 ## - CATALOGING SOURCE
Original cataloging agency DLC
Transcribing agency MoU
Modifying agency DLC
-- BD-RjUL
Language of cataloging eng
041 ## - LANGUAGE CODE
Language code of text/sound track or separate title eng
082 04 - DEWEY DECIMAL CLASSIFICATION NUMBER
Classification number 104
Author mark and year WOR 1965
245 14 - TITLE STATEMENT
Title The world of philosophy :
Remainder of title studies prepared in honour of professor M.M. Sharif /
Statement of responsibility, etc. Edited by C.A. Quadir.
260 ## - PUBLICATION, DISTRIBUTION, ETC. (IMPRINT)
Place of publication, distribution, etc. Lahore :
Name of publisher, distributor, etc. Sharif Presentation Volume Committee [distributed by Pakistan Philosophical Congress,
Date of publication, distribution, etc. 1965.
300 ## - PHYSICAL DESCRIPTION
Pagination xix, 367 p. :
Illustrations ill. ;
Size 25 cm.
504 ## - BIBLIOGRAPHY, ETC. NOTE
Bibliography, etc includes Bibliographical reference and index.
600 10 - SUBJECT ADDED ENTRY--PERSONAL NAME
Personal name Sharif, Mian Mohammad,
Dates associated with a name 1893-1965.
650 #0 - SUBJECT ADDED ENTRY--TOPICAL TERM
Topical term or geographic name as entry element Philosophy.
9 (RLIN) 87230
700 ## - ADDED ENTRY--PERSONAL NAME
Personal name Quadir, C. A.,
942 ## - ADDED ENTRY ELEMENTS (KOHA)
Source of classification or shelving scheme Dewey Decimal Classification
Koha item type Books
Holdings
Lost status Source of classification or shelving scheme Damaged status Not for loan Collection code Permanent Location Current Location Shelving location Date acquired Source of acquisition Cost, normal purchase price Total Checkouts Full call number Date last seen Copy number Koha item type
  Dewey Decimal Classification     Non-fiction Central Library, University of Rajshahi Central Library, University of Rajshahi   20/04/1968 Ferozsons 30.00   104 WOR 1965 30/03/2014 C-2 Books
  Dewey Decimal Classification   Added to bundle Non-fiction Central Library, University of Rajshahi Central Library, University of Rajshahi Reading Room 20/04/1968 Heffer and Sons 30.00   104 WOR 1965 31/03/2014 C-1 Books
  Dewey Decimal Classification     Non-fiction Central Library, University of Rajshahi Central Library, University of Rajshahi   20/04/1968 Heffer and Sons 30.00   104 WOR 1965 31/03/2014 C-3 Books